Jōkamachi kenkyū nōto /
Saved in:
| Main Author: | |
|---|---|
| Format: | Book |
| Language: | Japanese |
| Published: |
Tōkyō :
Kokon Shoin,
1972.
|
| Series: | Gurōbaru shirīzu.
|
| Subjects: | |
| Tags: |
Add Tag
No Tags, Be the first to tag this record!
|
| LEADER | 01073cam a2200325 i 4500 | ||
|---|---|---|---|
| 001 | 007738599-3 | ||
| 005 | 20024617115958.0 | ||
| 008 | 900119s1972 ja b 000 0 jpn | ||
| 010 | |a 72814686 /J | ||
| 015 | |a Ja72-8416 | ||
| 035 | 0 | |a ocm23316238 | |
| 040 | |a DLC |c MiU |d PPiU |d *YNH* |d CStRLIN | ||
| 050 | 0 | 0 | |a HT115 |b .Y33 |
| 050 | 4 | |a HT 115 |b .Y22 | |
| 100 | 1 | |6 880-01 |a Yamori, Kazuhiko. | |
| 245 | 1 | 0 | |6 880-02 |a Jōkamachi kenkyū nōto / |c Yamori Kazuhiko cho. |
| 260 | |6 880-03 |a Tōkyō : |b Kokon Shoin, |c 1972. | ||
| 300 | |a 179 p. ; |c 19 cm. | ||
| 490 | 1 | |6 880-04 |a Gurōbaru shirīzu | |
| 504 | |a Includes bibliographical references. | ||
| 650 | 0 | |a Cities and towns, Medieval. | |
| 650 | 0 | |a Cities and towns |z Japan |x History. | |
| 880 | 1 | |6 100-01 |a 矢守一彥. | |
| 880 | 1 | 0 | |6 245-02 |a 城下町研究ノート / |c 矢守一彥著. |
| 880 | |6 260-03 |a 東京 : |b 古今書院, |c 1972. | ||
| 880 | 1 | |6 490-04 |a グローバル.シリーズ | |
| 830 | 0 | |6 880-54 |a Gurōbaru shirīzu. | |
| 880 | 0 | |6 830-54 |a グローバル.シリーズ. | |
| 988 | |a 20021214 | ||
| 906 | |0 DLC | ||


